Experiencias y actividades realizadas en la industria de bebidas gaseosas y agua purificada / Celso Patiño Arango (Registro nro. 17178)
[ vista simple ]
| 000 -LÍDER | |
|---|---|
| fixed length control field | 00566nam a2200133 4500 |
| 008 - ELEMENTOS DE LONGITUD FIJA -- INFORMACIÓN GENERAL | |
| fixed length control field | 0 1999 0a 000 0MEX |
| 050 ## - SIGNATURA TOPOGRAFICA DE LA BIBLIOTECA DEL CONGRESO (LC) | |
| Número de Clasificación | TP155 E9 P298 1999 |
| 082 ## - NUMERO DE CLASIFICACION DECIMAL DEWEY | |
| Número de Clasificación | 658.568 P298e |
| 100 ## - ASIENTO PRINCIPAL--NOMBRE PERSONAL | |
| Nombre personal | Patiño Arango, Celso |
| 245 ## - TÍTULO | |
| Título | Experiencias y actividades realizadas en la industria de bebidas gaseosas y agua purificada / Celso Patiño Arango |
| 300 ## - DESCRIPCIÓN FÍSICA | |
| Extensión | 137 p / 28 cm. |
| 502 ## - NOTA DE TESIS | |
| Nota de tesis | Memoria y experiencia profesional. Opción VII. I.T. Z. (Química) Ing. Jose Arturo Bouzas Valdez |
| 650 ## - ASIENTO SECUNDARIO DE MATERIA - TERMINO TEMÁTICO | |
| Término temático o nombre geográfico como elemento de entrada | 1.CONTROL DE CALIDAD \ 2.PROCESO DE PURIFICACION DE AGUA |
| No. biblioteca | No. biblioteca | Número de clasificación | Código de barras/Número de adquisición | Número de copia | Tipo de material |
|---|---|---|---|---|---|
| TESIS QUÍMICA | TESIS QUÍMICA | 658.568 P298e | Q215-1999 | 1 | Tesis |
